[Event "21st Hoogeveen op"]
[Site "Hoogeveen NED"]
[Date "2017.10.23"]
[Round "4.9"]
[White "Schippers, Maurice"]
[Black "Carlstedt, Jonathan"]
[Result "1/2-1/2"]
[WhiteElo "2289"]
[BlackElo "2413"]
[EventDate "2017.10.21"]
[PlyCount "126"]

1.e4 e5 2.Nf3 Nc6 3.d4 exd4 4.Nxd4 Bc5 5.Be3 Qf6 6.c3 Nge7 7.Bc4 b6 8.O-O 
Bb7 9.Nb5 O-O-O 10.Bxc5 bxc5 11.Bd5 a6 12.N5a3 Nxd5 13.exd5 Ne7 14.c4 Qxb2
15.Nc2 c6 16.d6 Nf5 17.Qd3 Nd4 18.Nxd4 Qxd4 19.Qxd4 cxd4 20.Nd2 Kb8 21.
Rab1 Ka7 22.Nb3 c5 23.Nxc5 Bc6 24.Rfd1 Rhe8 25.Rxd4 Re2 26.h4 Rde8 27.Nb3 
Rxa2 28.Rc1 f5 29.Rf4 g6 30.Nd4 Be4 31.f3 Bb7 32.c5 Rd2 33.c6 dxc6 34.d7 
Rd8 35.Nxc6+ Bxc6 36.Rxc6 Kb7 37.Rf6 R8xd7 38.Rb4+ Ka7 39.Rbb6 Ra2 40.Rbe6
a5 41.h5 gxh5 42.Kh2 Rg7 43.Kh3 f4 44.Rxf4 Raxg2 45.Rff6 R2g5 46.Ra6+ Kb7 
47.Rfb6+ Kc7 48.f4 Rg3+ 49.Kh2 Rc3 50.Rh6 Rd7 51.Ra7+ Kc8 52.Rxd7 Kxd7 53.
Rxh5 a4 54.Rxh7+ Kc6 55.Ra7 Kb5 56.Kg2 Rc6 57.Kg3 Rg6+ 58.Kh4 Ra6 59.Rxa6 
Kxa6 60.f5 a3 61.f6 a2 62.f7 a1=Q 63.f8=Q Qa4+ 1/2-1/2

[Event "21st Hoogeveen op"]
[Site "Hoogeveen NED"]
[Date "2017.10.23"]
[Round "4.10"]
[White "Kuipers, Stefan"]
[Black "Stanetzek, Carsten"]
[Result "1-0"]
[WhiteElo "2411"]
[BlackElo "2211"]
[EventDate "2017.10.21"]
[PlyCount "103"]

1.e4 e5 2.Nf3 Nc6 3.Bb5 Nf6 4.d3 Bc5 5.Bxc6 dxc6 6.O-O Qd6 7.Nbd2 Be6 8.b3
O-O-O 9.Bb2 Nd7 10.Ng5 f6 11.Nxe6 Qxe6 12.Kh1 g5 13.Nc4 h5 14.Qe1 h4 15.b4
Bd6 16.Ne3 Nf8 17.a4 Ng6 18.h3 Nf4 19.Ng4 Rh7 20.Bc1 Rhd7 21.Be3 Qe7 22.
Rb1 Ne6 23.Qc3 Kb8 24.Qc4 Nf4 25.Rfe1 Qf7 26.Qxf7 Rxf7 27.Bxf4 gxf4 28.Nh6
Rfd7 29.Nf5 c5 30.bxc5 Bxc5 31.Kg1 Rg8 32.Kf1 f3 33.gxf3 a5 34.Red1 b6 35.
c3 Kb7 36.f4 exf4 37.Ke2 Bd6 38.d4 Kc6 39.Kf3 Rg5 40.Rb5 Ba3 41.Rdb1 Rd8 
42.Rh1 Rdg8 43.Rb3 Rxf5 44.exf5 Bd6 45.Rb5 Kd7 46.Re1 Rg5 47.c4 Bb4 48.
Rd5+ Bd6 49.c5 Rg7 50.Re6 bxc5 51.dxc5 Kc6 52.Ke4 1-0

[Event "21st Hoogeveen op"]
[Site "Hoogeveen NED"]
[Date "2017.10.23"]
[Round "4.11"]
[White "De Jong, Migchiel"]
[Black "Pajeken, Jakob Leon"]
[Result "1/2-1/2"]
[WhiteElo "2352"]
[BlackElo "2203"]
[EventDate "2017.10.21"]
[PlyCount "157"]

1.e4 e5 2.Nf3 Nc6 3.Bb5 a6 4.Ba4 Nf6 5.O-O Be7 6.d3 d6 7.c3 O-O 8.Nbd2 b5 
9.Bc2 Re8 10.Re1 Bf8 11.Nf1 Bb7 12.Ng3 g6 13.d4 Bg7 14.d5 Nb8 15.a4 Nbd7 
16.a5 Qb8 17.b3 c6 18.c4 Rc8 19.Ba3 Ne8 20.Nf1 cxd5 21.cxd5 Qc7 22.Re2 
Ndf6 23.Ng3 Qc3 24.Bd3 Bh6 25.Ne1 Qc7 26.Bb2 Ng7 27.Nc2 Nfh5 28.Nxh5 Nxh5 
29.g3 Qd7 30.Ne3 Ng7 31.Re1 Bg5 32.Bf1 Rf8 33.h4 Bd8 34.Kh2 Bc8 35.Qc2 Ra7
36.Qc6 Rc7 37.Qxd7 Bxd7 38.Ba3 Be7 39.Rac1 Rfc8 40.Bh3 Bxh3 41.Kxh3 Rxc1 
42.Rxc1 Rxc1 43.Bxc1 Bd8 44.Bd2 Ne8 45.Bb4 Bc7 46.Kg2 Nf6 47.f3 Nh5 48.Nc2
f5 49.Bd2 Nf6 50.Bg5 Kf7 51.Bxf6 Kxf6 52.Nb4 Bxa5 53.Nxa6 fxe4 54.fxe4 h5 
55.Nb8 Bb4 56.Kf3 Kf7 57.Nc6 Bc5 58.Nd8+ Kf6 59.g4 Bb6 60.Ne6 Ba5 61.Kg3 
Be1+ 62.Kh3 Ba5 63.Ng5 Bb4 64.Nf3 Bc3 65.Ng1 Be1 66.Ne2 Ke7 67.Nc1 Bd2 68.
Nd3 Kf6 69.Kg3 Kg7 70.Kf3 Kh6 71.Ke2 Bc3 72.g5+ Kg7 73.Ne1 Kf7 74.Nc2 Bb2 
75.Kd3 Ke7 76.Ne1 Bd4 77.Nf3 Bc5 78.Kc3 Kd7 79.b4 1/2-1/2

[Event "21st Hoogeveen op"]
[Site "Hoogeveen NED"]
[Date "2017.10.23"]
[Round "4.12"]
[White "Strating, Sybolt"]
[Black "Engel, Luis"]
[Result "1/2-1/2"]
[WhiteElo "2262"]
[BlackElo "2344"]
[EventDate "2017.10.21"]
[PlyCount "70"]

1.d4 Nf6 2.c4 g6 3.Nc3 d5 4.Bf4 Bg7 5.e3 O-O 6.Nf3 c5 7.dxc5 Qa5 8.Rc1 
dxc4 9.Bxc4 Qxc5 10.Bb3 Nc6 11.O-O Qa5 12.h3 Bf5 13.Qe2 Ne4 14.Nd5 e5 15.
Bh2 Rfe8 16.Rfd1 Rad8 17.Qc4 Kh8 18.g4 Nd6 19.Qe2 Bc8 20.Nc3 Be6 21.Bxe6 
Rxe6 22.Ng5 Re7 23.Rd5 Qc7 24.Rcd1 h6 25.Nf3 Ree8 26.e4 Qe7 27.Nb5 Nxb5 
28.Qxb5 Nd4 29.Nxd4 exd4 30.e5 a6 31.Qb3 Rxd5 32.Qxd5 Rd8 33.Qe4 Qd7 34.
Rd3 Kg8 35.Kg2 g5 1/2-1/2

[Event "21st Hoogeveen op"]
[Site "Hoogeveen NED"]
[Date "2017.10.23"]
[Round "4.13"]
[White "Buckels, Valentin"]
[Black "Hendriks, Richard V"]
[Result "1-0"]
[WhiteElo "2318"]
[BlackElo "2087"]
[EventDate "2017.10.21"]
[PlyCount "101"]

1.d4 d5 2.c4 dxc4 3.e3 e5 4.Bxc4 exd4 5.exd4 Bd6 6.Nf3 Nf6 7.Qe2+ Qe7 8.
Qxe7+ Bxe7 9.Nc3 c6 10.O-O Nbd7 11.Re1 Nb6 12.Bb3 Nfd5 13.Bd2 Be6 14.Bg5 
Bd6 15.Ne4 Bb4 16.Bd2 Bxd2 17.Nfxd2 O-O-O 18.Ng5 Rhe8 19.Nxe6 Rxe6 20.Ne4 
h6 21.g3 Kc7 22.Nc5 Ree8 23.Re5 Rxe5 24.dxe5 Nd7 25.Nd3 g5 26.f4 gxf4 27.
gxf4 Nf8 28.Kf2 Ne6 29.Bxd5 Rxd5 30.Ke3 c5 31.Rc1 b6 32.b4 Kd8 33.bxc5 
Nxc5 34.Nxc5 bxc5 35.Rc3 Kc7 36.Ke4 Kc6 37.Kf5 Rd4 38.Rf3 c4 39.Kf6 Rd3 
40.Rf2 Rd7 41.f5 Kc5 42.e6 fxe6 43.fxe6 Rd3 44.e7 Re3 45.Kf7 c3 46.e8=Q 
Rxe8 47.Kxe8 Kc4 48.Kf7 h5 49.h4 Kd3 50.Kg6 c2 51.Rf1 1-0

[Event "21st Hoogeveen op"]
[Site "Hoogeveen NED"]
[Date "2017.10.23"]
[Round "4.14"]
[White "Van Foreest, Machteld"]
[Black "Colijn, Stefan"]
[Result "0-1"]
[WhiteElo "1829"]
[BlackElo "2308"]
[EventDate "2017.10.21"]
[PlyCount "64"]

1.e4 b6 2.d4 Bb7 3.Nc3 e6 4.a3 d6 5.Nf3 Nd7 6.Bd3 g6 7.Bg5 Ne7 8.e5 Bg7 9.
Ne4 Bxe4 10.Bxe4 Rc8 11.O-O dxe5 12.dxe5 Nxe5 13.Qe2 Nxf3+ 14.Qxf3 O-O 15.
Bc6 Qd6 16.Bb7 Rb8 17.Rfd1 Qc5 18.h4 Nf5 19.c3 h6 20.Be3 Nxe3 21.fxe3 h5 
22.Be4 Rbd8 23.Rd3 f5 24.Rxd8 Rxd8 25.Bc2 e5 26.Rd1 Rxd1+ 27.Bxd1 e4 28.
Qh3 Kh7 29.Bb3 Bh6 30.Kf2 Qb5 31.Bf7 Qxb2+ 32.Kg1 Qc1+ 0-1

[Event "21st Hoogeveen op"]
[Site "Hoogeveen NED"]
[Date "2017.10.23"]
[Round "4.15"]
[White "Van Foreest, Lucas"]
[Black "Vroombout, Enrico"]
[Result "1-0"]
[WhiteElo "2489"]
[BlackElo "2133"]
[EventDate "2017.10.21"]
[PlyCount "71"]

1.Nc3 c5 2.Nf3 g6 3.d4 cxd4 4.Qxd4 Nf6 5.e4 Nc6 6.Qa4 d6 7.e5 dxe5 8.Nxe5 
Bd7 9.Nxd7 Qxd7 10.Be3 Bg7 11.Be2 O-O 12.O-O Rfc8 13.Rad1 Qe8 14.Rfe1 Rd8 
15.Bf3 Rxd1 16.Rxd1 Qc8 17.Qb3 Ne8 18.Qa3 Bf8 19.Qa4 Ne5 20.Be2 Nd6 21.Ne4
Nxe4 22.Qxe4 Bg7 23.c3 a5 24.Bb6 Qc6 25.Qxc6 Nxc6 26.Rd7 a4 27.a3 Rb8 28.
Bb5 Bh6 29.Rd1 Ra8 30.Kf1 Bf4 31.Re1 Bd6 32.Re4 f5 33.Rxa4 Rxa4 34.Bxa4 e5
35.Bxc6 bxc6 36.a4 1-0

[Event "21st Hoogeveen op"]
[Site "Hoogeveen NED"]
[Date "2017.10.23"]
[Round "4.16"]
[White "Jonkman, Harmen"]
[Black "Kouwenhoven, Derk"]
[Result "1-0"]
[WhiteElo "2410"]
[BlackElo "2028"]
[EventDate "2017.10.21"]
[PlyCount "81"]

1.e4 e5 2.Nf3 Nc6 3.Bc4 Bc5 4.d3 Nf6 5.O-O d6 6.a4 a6 7.c3 Ba7 8.h3 Ne7 9.
Re1 Ng6 10.d4 Qe7 11.Be3 O-O 12.Nbd2 Be6 13.Qb3 Bxc4 14.Nxc4 c5 15.dxe5 
dxe5 16.Bg5 Rab8 17.a5 Qe6 18.Rad1 Ne8 19.Qa4 f6 20.Bc1 Rf7 21.Rd3 Ne7 22.
Nh2 Nc6 23.Ng4 Nb4 24.Rg3 Kh8 25.Nge3 Nc6 26.Rd1 g6 27.Nb6 Bxb6 28.axb6 f5
29.Qc4 Qxc4 30.Nxc4 f4 31.Rgd3 Nf6 32.f3 Re7 33.b3 Rc8 34.Ba3 Nb8 35.Rd8+ 
Re8 36.Rxc8 Rxc8 37.Nxe5 Kg7 38.Rd6 a5 39.c4 Na6 40.Bb2 Ne8 41.Rd7+ 1-0

[Event "21st Hoogeveen op"]
[Site "Hoogeveen NED"]
[Date "2017.10.23"]
[Round "4.17"]
[White "Videnova, Iva"]
[Black "Damen, Jip"]
[Result "1-0"]
[WhiteElo "2326"]
[BlackElo "2016"]
[EventDate "2017.10.21"]
[PlyCount "47"]

1.e4 g6 2.d4 Bg7 3.Nc3 d6 4.f4 Nf6 5.Nf3 O-O 6.Bd3 Nc6 7.e5 dxe5 8.dxe5 
Nd5 9.Bd2 Nb6 10.Qe2 Bg4 11.Be3 Nd5 12.Nxd5 Qxd5 13.Bc4 Qe4 14.Bd3 Qd5 15.
Bc4 Qe4 16.O-O-O Rad8 17.Rxd8 Rxd8 18.Rf1 Bh6 19.Bd2 Qf5 20.h3 Nd4 21.Nxd4
Bxe2 22.Nxf5 Bxc4 23.Nxh6+ Kg7 24.Rd1 1-0

[Event "21st Hoogeveen op"]
[Site "Hoogeveen NED"]
[Date "2017.10.23"]
[Round "4.18"]
[White "Roebers, Jan"]
[Black "Warakomska, Anna"]
[Result "0-1"]
[WhiteElo "2086"]
[BlackElo "2295"]
[EventDate "2017.10.21"]
[PlyCount "62"]

1.e4 e5 2.Nf3 Nc6 3.Bc4 Nf6 4.d3 Be7 5.O-O O-O 6.h3 d6 7.c3 Na5 8.Bb5 a6 
9.Ba4 b5 10.Bc2 c5 11.Re1 Nc6 12.Nbd2 h6 13.Nf1 Be6 14.Ng3 Re8 15.d4 cxd4 
16.cxd4 exd4 17.Nxd4 Nxd4 18.Qxd4 Bf8 19.a4 Rc8 20.Bd3 Bc4 21.b3 Bxb3 22.
axb5 axb5 23.Bxb5 Re5 24.Ba6 Ra8 25.Bb2 Re6 26.Re3 Qb8 27.Qc3 d5 28.Qxb3 
Rb6 29.Bb5 Rxa1+ 30.Bxa1 Rxb5 31.Qc3 d4 0-1

[Event "21st Hoogeveen op"]
[Site "Hoogeveen NED"]
[Date "2017.10.23"]
[Round "4.19"]
[White "Boersma, Jan"]
[Black "Wempe, Joost"]
[Result "0-1"]
[WhiteElo "2057"]
[BlackElo "2289"]
[EventDate "2017.10.21"]
[PlyCount "81"]

1.e4 e6 2.d4 d5 3.Nc3 Nf6 4.e5 Nfd7 5.f4 c5 6.Nf3 Nc6 7.Be3 Be7 8.Qd2 b6 
9.Be2 f6 10.O-O-O O-O 11.Kb1 Kh8 12.h4 c4 13.h5 b5 14.h6 g6 15.f5 gxf5 16.
Nxb5 Rb8 17.Nd6 Nb6 18.Bf4 Bxd6 19.exd6 Bd7 20.Qe3 Na4 21.b3 Qa5 22.Ne5 
Nc3+ 23.Qxc3 Qxc3 24.Bd2 Qxd4 25.Nxd7 Rfd8 26.Bc1 Qf2 27.Nxb8 Rxb8 28.Bf3 
c3 29.Rhe1 Nd4 30.Rxd4 Qxe1 31.d7 Qe5 32.Ra4 Qc7 33.Be3 a5 34.a3 Rd8 35.b4
axb4 36.Ra7 Qd6 37.a4 d4 38.Bf2 Rxd7 39.Bg3 e5 40.Ra8+ Rd8 41.Ra7 0-1

[Event "21st Hoogeveen op"]
[Site "Hoogeveen NED"]
[Date "2017.10.23"]
[Round "4.20"]
[White "Clemens, Adrian HP"]
[Black "Knight, David"]
[Result "1-0"]
[WhiteElo "2198"]
[BlackElo "1926"]
[EventDate "2017.10.21"]
[PlyCount "62"]

1.c4 e5 2.Nc3 Nf6 3.Nf3 Nc6 4.e3 Bb4 5.Qc2 O-O 6.Nd5 Bc5 7.a3 a5 8.b3 d6 
9.Be2 h6 10.Nc3 Be6 11.Bb2 Nd7 12.Nb5 Bb6 13.d4 exd4 14.exd4 d5 15.O-O Ne7
16.c5 Ba7 17.Nxa7 Rxa7 18.Bd3 Bg4 19.Ne5 Nxe5 20.dxe5 Qd7 21.h3 Bf5 22.
Bxf5 Nxf5 23.g4 Ne7 24.f4 d4 25.Rad1 Nc6 26.Qc4 h5 27.e6 Qe7 28.exf7+ Rxf7
29.Rfe1 Qh4 30.Re8+ Kh7 31.Qxf7 Qg3+ 1-0

[Event "21st Hoogeveen op"]
[Site "Hoogeveen NED"]
[Date "2017.10.23"]
[Round "4.21"]
[White "Balje, Jan"]
[Black "De Jongh, Benno"]
[Result "1-0"]
[WhiteElo "2191"]
[BlackElo "1919"]
[EventDate "2017.10.21"]
[PlyCount "119"]

1.d4 Nf6 2.c4 c5 3.d5 Ne4 4.Qc2 Qa5+ 5.Nd2 f5 6.f3 Nd6 7.e4 g6 8.b4 Qxb4 
9.Bb2 Rg8 10.e5 Nf7 11.Rb1 Qa5 12.Bc3 Qc7 13.f4 b6 14.g3 Bb7 15.Bg2 e6 16.
d6 Qc8 17.Ngf3 g5 18.fxg5 Nxg5 19.O-O Nxf3+ 20.Nxf3 Be4 21.Qe2 Rg4 22.Rbe1
Bh6 23.Bh3 Rg6 24.Nh4 Qd8 25.Nxg6 hxg6 26.Bg2 Bxg2 27.Qxg2 Nc6 28.g4 Qg5 
29.gxf5 Qxg2+ 30.Kxg2 gxf5 31.Rf3 Kf7 32.Rh3 Rg8+ 33.Kf3 Rg6 34.Rg3 Rxg3+ 
35.hxg3 Kg6 36.a4 a5 37.Re2 Bc1 38.Re1 Bh6 39.Re2 Bg7 40.Bb2 Bh6 41.g4 
fxg4+ 42.Kxg4 Bg7 43.Kf4 Bh6+ 44.Ke4 Bg7 45.Rg2+ Kf7 46.Rf2+ Kg6 47.Rg2+ 
Kf7 48.Bc3 Bh6 49.Rh2 Bg7 50.Rb2 Nb4 51.Rf2+ Kg6 52.Bxb4 axb4 53.a5 bxa5 
54.Ra2 a4 55.Rxa4 Bh6 56.Ra7 Bd2 57.Rxd7 b3 58.Rb7 Bb4 59.Kd3 Kf5 60.Rxb4 
1-0

[Event "21st Hoogeveen op"]
[Site "Hoogeveen NED"]
[Date "2017.10.23"]
[Round "4.22"]
[White "Schulze, Lara"]
[Black "Klapwijk, Bram"]
[Result "0-1"]
[WhiteElo "2091"]
[BlackElo "2211"]
[EventDate "2017.10.21"]
[PlyCount "56"]

1.e4 e6 2.d4 d5 3.Nd2 Nf6 4.e5 Nfd7 5.Bd3 c5 6.c3 Nc6 7.Ne2 cxd4 8.cxd4 f6
9.exf6 Nxf6 10.O-O Bd6 11.Nf3 Qc7 12.h3 O-O 13.Re1 a6 14.a3 Ne8 15.Qc2 g6 
16.Bh6 Ng7 17.Rac1 Qf7 18.Be3 Nh5 19.Bh6 Re8 20.Qd2 Bd7 21.Bb1 Bf8 22.Bxf8
Rxf8 23.Nc3 Qf6 24.Ne5 Nf4 25.Re3 Qg5 26.f3 Nxg2 27.Qxg2 Qxe3+ 28.Kh2 Nxe5
0-1

[Event "21st Hoogeveen op"]
[Site "Hoogeveen NED"]
[Date "2017.10.23"]
[Round "4.24"]
[White "Bekedam, Tyro"]
[Black "Heemskerk, Wim"]
[Result "1/2-1/2"]
[WhiteElo "2037"]
[BlackElo "2179"]
[EventDate "2017.10.21"]
[PlyCount "71"]

1.e4 c5 2.Nf3 g6 3.d4 cxd4 4.Nxd4 Nc6 5.Nc3 Bg7 6.Be3 Nf6 7.Bc4 O-O 8.Bb3 
a6 9.f3 Qc7 10.Qd2 b5 11.O-O-O Bb7 12.g4 Na5 13.g5 Nxb3+ 14.Nxb3 b4 15.Na4
Nxe4 16.fxe4 Bxe4 17.Rhf1 Rac8 18.Nac5 Bf5 19.Rxf5 gxf5 20.Qxd7 Qe5 21.Qd4
Qxh2 22.Qxb4 e5 23.Qb7 Qe2 24.Bd2 Qc4 25.Qb6 Rfd8 26.c3 e4 27.Nb7 Rb8 28.
N3a5 Qxa2 29.Nc6 Qa1+ 30.Kc2 Qa4+ 31.Kc1 Rd6 32.Ne7+ Kh8 33.Qxd6 Qa1+ 34.
Kc2 Qa4+ 35.Kc1 Qa1+ 36.Kc2 1/2-1/2

[Event "21st Hoogeveen op"]
[Site "Hoogeveen NED"]
[Date "2017.10.23"]
[Round "4.25"]
[White "Sparenberg, Erik"]
[Black "Kotyk, Michael"]
[Result "1-0"]
[WhiteElo "2175"]
[BlackElo "1921"]
[EventDate "2017.10.21"]
[PlyCount "75"]

1.e4 e5 2.Nf3 Nc6 3.Bb5 a6 4.Ba4 Nf6 5.O-O Bc5 6.d3 b5 7.Bb3 d6 8.c3 Bg4 
9.h3 Bh5 10.Re1 Ne7 11.Nbd2 Ng6 12.g3 Qd7 13.Kg2 Bxf3+ 14.Qxf3 h6 15.Nf1 
Nh7 16.Ne3 Ng5 17.Qh5 O-O-O 18.Qg4 Qxg4 19.Nxg4 Ne6 20.Ne3 Bxe3 21.Bxe3 c5
22.a4 Rd7 23.axb5 axb5 24.Bd5 Nc7 25.Bc6 Rdd8 26.Ra5 Ne7 27.Bxb5 Nxb5 28.
Rxb5 Kc7 29.Ra1 Ra8 30.Rba5 Rxa5 31.Rxa5 Nc6 32.Ra2 g5 33.Kf3 f6 34.Kg4 
h5+ 35.Kf5 Rh6 36.Ke6 Rg6 37.Kf7 Rh6 38.Kg7 1-0

[Event "21st Hoogeveen op"]
[Site "Hoogeveen NED"]
[Date "2017.10.23"]
[Round "4.26"]
[White "Henseler, Jorgen"]
[Black "Boer, Bas De"]
[Result "1/2-1/2"]
[WhiteElo "2026"]
[BlackElo "2120"]
[EventDate "2017.10.21"]
[PlyCount "70"]

1.e4 c5 2.Nf3 d6 3.d4 cxd4 4.Nxd4 Nf6 5.Nc3 a6 6.Be3 e5 7.Nb3 Be6 8.f3 Be7
9.Qd2 Nbd7 10.g4 O-O 11.O-O-O b5 12.g5 Nh5 13.Kb1 Nb6 14.Qf2 Rb8 15.h4 Nc4
16.Bxc4 bxc4 17.Nc5 Qa5 18.N5a4 Qc7 19.Ka1 Qc6 20.Nb6 Nf4 21.Bxf4 Rxb6 22.
Bc1 Rfb8 23.Nd5 Bxd5 24.exd5 Qb7 25.c3 a5 26.Qc2 Rb5 27.Qe2 a4 28.a3 Rb3 
29.Qc2 Bd8 30.Rhe1 Ba5 31.Re3 Bb6 32.Re2 Rb5 33.Qe4 Bc5 34.Qc2 Bb6 35.Qe4 
Bc5 1/2-1/2

[Event "21st Hoogeveen op"]
[Site "Hoogeveen NED"]
[Date "2017.10.23"]
[Round "4.27"]
[White "Molenaar, Christiaan"]
[Black "Weihrauch, Jakob"]
[Result "1/2-1/2"]
[WhiteElo "2112"]
[BlackElo "1901"]
[EventDate "2017.10.21"]
[PlyCount "48"]

1.f4 c5 2.Nf3 g6 3.e4 Bg7 4.Be2 e6 5.O-O Ne7 6.d3 d5 7.c3 O-O 8.Nbd2 b6 9.
Qe1 Bb7 10.Qh4 Nd7 11.g4 dxe4 12.dxe4 Nf6 13.e5 Nfd5 14.Ne4 Nc8 15.g5 Nce7
16.Nd6 Nf5 17.Nxf5 exf5 18.c4 Nc7 19.Be3 Ne6 20.Rad1 Qe7 21.Rd2 Rad8 22.
Rfd1 Rxd2 23.Rxd2 Rd8 24.Rxd8+ Qxd8 1/2-1/2

[Event "21st Hoogeveen op"]
[Site "Hoogeveen NED"]
[Date "2017.10.23"]
[Round "4.28"]
[White "Taams, Sander"]
[Black "Boer, Alef"]
[Result "0-1"]
[WhiteElo "1954"]
[BlackElo "2107"]
[EventDate "2017.10.21"]
[PlyCount "142"]

1.e4 Nf6 2.Qe2 e5 3.f4 d6 4.Nf3 Nc6 5.d3 Bg4 6.c3 Be7 7.h3 Bxf3 8.Qxf3 Qd7
9.Be2 O-O-O 10.O-O Kb8 11.b4 exf4 12.Bxf4 Rdg8 13.Be3 g5 14.Qf5 Qxf5 15.
Rxf5 g4 16.h4 Ne8 17.g3 f6 18.b5 Ne5 19.d4 Ng7 20.Rf1 Nf3+ 21.Bxf3 gxf3 
22.Rxf3 Nh5 23.Kf2 Rg4 24.Nd2 Rhg8 25.Rg1 f5 26.exf5 Bxh4 27.Nf1 Kc8 28.
Kg2 Bxg3 29.Nxg3 Rxg3+ 30.Rxg3 Rxg3+ 31.Kf2 Rxg1 32.Kxg1 Ng3 33.f6 Kd7 34.
d5 Ne2+ 35.Kg2 Nxc3 36.Bxa7 Nxd5 37.f7 Ke7 38.Bb8 b6 39.Kf3 Kxf7 40.Ke4 
Ke6 41.a4 h5 42.Kd4 h4 43.Ke4 h3 44.Kf3 Kd7 45.a5 bxa5 46.Kg3 Nc3 47.Ba7 
Nxb5 48.Be3 a4 49.Bc1 a3 50.Kxh3 a2 51.Bb2 Na3 52.Kg3 Nc2 53.Kf3 a1=Q 54.
Bxa1 Nxa1 55.Ke3 Nb3 56.Kd3 c5 57.Kc4 Nd4 58.Kd5 Kc7 59.Kc4 Kc6 60.Kc3 d5 
61.Kd3 Nb5 62.Kd2 c4 63.Kc2 d4 64.Kd2 Na3 65.Kd1 Kb5 66.Kc1 Kb4 67.Kb2 d3 
68.Ka1 c3 69.Ka2 d2 70.Ka1 d1=Q+ 71.Ka2 Qb1# 0-1

[Event "21st Hoogeveen op"]
[Site "Hoogeveen NED"]
[Date "2017.10.23"]
[Round "4.29"]
[White "Aan, Sikka"]
[Black "Fehr, Axel"]
[Result "1-0"]
[WhiteElo "1918"]
[BlackElo "2081"]
[EventDate "2017.10.21"]
[PlyCount "43"]

1.e4 c5 2.Nf3 d6 3.Bb5+ Nc6 4.O-O Nf6 5.Re1 e5 6.c3 Bd7 7.d4 a6 8.Bxc6 
Bxc6 9.dxe5 dxe5 10.Qxd8+ Rxd8 11.Nxe5 Bxe4 12.f3 Rd5 13.Nc4 b5 14.fxe4 
Rh5 15.Ncd2 c4 16.Nf3 Ng4 17.h3 Bc5+ 18.Nd4 Ne5 19.Be3 g5 20.Nf5 Bxe3+ 21.
Rxe3 Rg8 22.g4 1-0

[Event "21st Hoogeveen op"]
[Site "Hoogeveen NED"]
[Date "2017.10.23"]
[Round "4.30"]
[White "Elgersma, Onno"]
[Black "Vistisen, Lars"]
[Result "0-1"]
[WhiteElo "1884"]
[BlackElo "2073"]
[EventDate "2017.10.21"]
[PlyCount "58"]

1.e4 e5 2.Nf3 Nc6 3.Bc4 Nf6 4.d3 Bc5 5.c3 d6 6.a4 a6 7.O-O Be6 8.Nbd2 O-O 
9.h3 Ba7 10.Re1 Qd7 11.Qe2 Nh5 12.Nxe5 Nxe5 13.Qxh5 Bxc4 14.Nxc4 Nxd3 15.
Rf1 Nxc1 16.Rfxc1 f5 17.e5 b5 18.axb5 axb5 19.Na3 dxe5 20.Rd1 Qe6 21.Nxb5 
Bxf2+ 22.Kxf2 Rxa1 23.Rxa1 Qb6+ 24.Kg3 Qxb5 25.b4 e4 26.Kh2 Qe5+ 27.Kh1 
Qxc3 28.Rf1 g6 29.Qe2 Qxb4 0-1

[Event "21st Hoogeveen op"]
[Site "Hoogeveen NED"]
[Date "2017.10.23"]
[Round "4.31"]
[White "Hoffman, Ron"]
[Black "Pham, Khoi"]
[Result "1-0"]
[WhiteElo "2038"]
[BlackElo "1859"]
[EventDate "2017.10.21"]
[PlyCount "73"]

1.d4 Nf6 2.Bf4 d6 3.e3 g6 4.Nf3 Bg7 5.Be2 O-O 6.O-O Nfd7 7.c4 e5 8.Bg3 Nc6
9.Nc3 f5 10.dxe5 dxe5 11.Qd5+ Kh8 12.Rfd1 Qe7 13.Qd2 Nc5 14.Bh4 Qf7 15.Ng5
Qg8 16.Qd5 Ne6 17.h3 h6 18.Nxe6 Bxe6 19.Qb5 Rab8 20.Bg3 a6 21.Qa4 f4 22.
Bh2 Ne7 23.Rac1 fxe3 24.fxe3 Nf5 25.Nd5 c6 26.Nc7 Nxe3 27.Nxe6 Qxe6 28.Re1
Rbd8 29.Qb3 e4 30.Kh1 Bd4 31.Qxb7 Nxg2 32.Bg4 Qf6 33.Rf1 Qh4 34.Qc7 Rfe8 
35.Rf7 Bg7 36.Rxg7 Qf6 37.Rf7 1-0

[Event "21st Hoogeveen op"]
[Site "Hoogeveen NED"]
[Date "2017.10.23"]
[Round "4.33"]
[White "French, Max"]
[Black "Hopman, Pieter"]
[Result "1/2-1/2"]
[WhiteElo "1991"]
[BlackElo "2322"]
[EventDate "2017.10.21"]
[PlyCount "68"]

1.d4 Nf6 2.c4 e6 3.Nf3 b6 4.a3 Bb7 5.Nc3 d5 6.cxd5 exd5 7.Qa4+ c6 8.g3 Bd6
9.Bg2 O-O 10.O-O Nbd7 11.Bf4 Bxf4 12.gxf4 Ne8 13.Ne5 Nxe5 14.fxe5 f6 15.f4
f5 16.b4 Nc7 17.e3 a5 18.bxa5 Rxa5 19.Qb4 Na8 20.Rab1 Ba6 21.Rfc1 Rf7 22.
Na4 Bb5 23.Nxb6 Qxb6 24.Bxd5 Qd8 25.Bxf7+ Kxf7 26.e6+ Kxe6 27.d5+ Kf7 28.
dxc6 Qd3 29.Qxa5 Qxe3+ 30.Kg2 Qe2+ 31.Kg1 Qg4+ 32.Kh1 Qf3+ 33.Kg1 Qe3+ 34.
Kg2 Qe4+ 1/2-1/2

[Event "21st Hoogeveen op"]
[Site "Hoogeveen NED"]
[Date "2017.10.23"]
[Round "4.34"]
[White "Den Dunnen, Lola"]
[Black "De Graaf, Dick"]
[Result "0-1"]
[WhiteElo "1862"]
[BlackElo "2178"]
[EventDate "2017.10.21"]
[PlyCount "82"]

1.d4 Nf6 2.c4 e5 3.dxe5 Ne4 4.Bf4 Bc5 5.e3 Bb4+ 6.Ke2 Qh4 7.Bg3 Nxg3+ 8.
fxg3 Qxc4+ 9.Kf2 Qe6 10.Nf3 Nc6 11.Qb3 Qxb3 12.axb3 O-O 13.Nc3 Bxc3 14.
bxc3 Re8 15.Be2 Nxe5 16.Nxe5 Rxe5 17.Bf3 a5 18.Ra3 Ra6 19.Rha1 b6 20.b4 
Kf8 21.c4 d6 22.Bd5 Be6 23.e4 Bxd5 24.exd5 Re4 25.bxa5 Rxc4 26.axb6 Rxb6 
27.Re1 Rb2+ 28.Kf3 g6 29.Re2 Rb5 30.Rd3 Rcc5 31.Red2 Kg7 32.Rd4 Rb3+ 33.
Kf4 Rcc3 34.g4 h6 35.g5 h5 36.Rd1 Rb2 37.R1d2 Rbb3 38.Ke4 Re3+ 39.Kf4 Re5 
40.h4 Ree3 41.Rc4 Rg3 0-1

[Event "21st Hoogeveen op"]
[Site "Hoogeveen NED"]
[Date "2017.10.23"]
[Round "4.35"]
[White "Van der Veen, Jan"]
[Black "Engel, Robert"]
[Result "1-0"]
[WhiteElo "2058"]
[BlackElo "1973"]
[EventDate "2017.10.21"]
[PlyCount "79"]

1.e4 c5 2.Nf3 d6 3.Bb5+ Nd7 4.O-O a6 5.Bd3 e6 6.c3 Ngf6 7.Bc2 Be7 8.d4 b5 
9.Re1 O-O 10.e5 Nd5 11.Nbd2 cxd4 12.cxd4 Bb7 13.Ne4 dxe5 14.dxe5 N7b6 15.
Nfg5 g6 16.Qg4 h5 17.Qg3 Qe8 18.Bd1 Kg7 19.Bxh5 Qc6 20.Nxf7 Rxf7 21.Qxg6+ 
Kh8 22.Qxf7 Rg8 23.Qf3 Nc4 24.Bf7 Rg7 25.Bh6 Rh7 26.Qh5 Nf4 27.Qf3 Nxe5 
28.Qxf4 Nxf7 29.Qb8+ Bd8 30.Rac1 Qd7 31.Nf6 Qe7 32.Nxh7 Nxh6 33.Red1 Nf7 
34.Ng5 Qxg5 35.Qxb7 Nd6 36.Qf3 Nf5 37.Qa8 Nd4 38.Qe4 e5 39.h4 Qh5 40.Rxd4 
1-0

[Event "21st Hoogeveen op"]
[Site "Hoogeveen NED"]
[Date "2017.10.23"]
[Round "4.36"]
[White "Kutchoukov, Daniel"]
[Black "Colbow, Collin"]
[Result "0-1"]
[WhiteElo "1913"]
[BlackElo "1945"]
[EventDate "2017.10.21"]
[PlyCount "68"]

1.e4 e5 2.Nf3 Nc6 3.Bc4 Bc5 4.O-O Nf6 5.d3 a6 6.a4 d6 7.c3 O-O 8.Na3 h6 9.
Nc2 Ba7 10.Be3 d5 11.exd5 Nxd5 12.Bxa7 Rxa7 13.Re1 Re8 14.d4 Nb6 15.Bb3 
exd4 16.Rxe8+ Qxe8 17.a5 Nd7 18.cxd4 Nf6 19.d5 Ne5 20.Qd4 Nxf3+ 21.gxf3 
Ra8 22.Re1 Qb5 23.Bc4 Qxa5 24.Re7 Bf5 25.b4 Qa4 26.Ne3 Bg6 27.Rxc7 Qxb4 
28.d6 Qa5 29.Rxb7 Rd8 30.d7 Bf5 31.Kg2 Bxd7 32.Qa7 Qg5+ 33.Kh1 Bc6 34.
Bxf7+ Kh8 0-1

[Event "21st Hoogeveen op"]
[Site "Hoogeveen NED"]
[Date "2017.10.23"]
[Round "4.37"]
[White "Duson, Robin"]
[Black "Mellema, Andries"]
[Result "1/2-1/2"]
[WhiteElo "1890"]
[BlackElo "2164"]
[EventDate "2017.10.21"]
[PlyCount "48"]

1.e4 e6 2.d4 d5 3.Nc3 Nf6 4.e5 Nfd7 5.f4 c5 6.Nf3 Nc6 7.Be3 a6 8.Qd2 b5 9.
dxc5 Bxc5 10.Bxc5 Nxc5 11.Bd3 Qb6 12.Ne2 b4 13.Ned4 Bd7 14.Qf2 Nxd4 15.
Nxd4 Bb5 16.Rd1 O-O 17.O-O g6 18.Nf3 Na4 19.Qxb6 Nxb6 20.b3 Nd7 21.Rf2 
Rfc8 22.Nd4 Rab8 23.Rfd2 Nc5 24.Kf2 Bxd3 1/2-1/2

[Event "21st Hoogeveen op"]
[Site "Hoogeveen NED"]
[Date "2017.10.24"]
[Round "5.1"]
[White "Gritsak, Orest"]
[Black "Saduakassova, Dinara"]
[Result "1/2-1/2"]
[WhiteElo "2468"]
[BlackElo "2448"]
[EventDate "2017.10.21"]
[PlyCount "25"]

1.Nf3 Nf6 2.c4 b6 3.g3 Bb7 4.Bg2 g6 5.b3 Bg7 6.Bb2 c5 7.O-O O-O 8.a3 d6 9.
d3 Nbd7 10.b4 a6 11.Nc3 e6 12.Qb3 Qe7 13.Rab1 1/2-1/2

[Event "21st Hoogeveen op"]
[Site "Hoogeveen NED"]
[Date "2017.10.24"]
[Round "5.2"]
[White "Schoppen, Casper"]
[Black "Pruijssers, Roeland"]
[Result "0-1"]
[WhiteElo "2440"]
[BlackElo "2512"]
[EventDate "2017.10.21"]
[PlyCount "120"]

1.e4 e5 2.Nf3 Nc6 3.Bc4 Bc5 4.d3 Nf6 5.c3 O-O 6.O-O d5 7.exd5 Nxd5 8.Nbd2 
Nb6 9.Bb5 Bd6 10.Ne4 Bg4 11.h3 Bh5 12.Re1 Re8 13.Ng3 Bg6 14.Bg5 f6 15.Be3 
a6 16.Bxc6 bxc6 17.h4 Bf8 18.d4 exd4 19.Nxd4 c5 20.Ndf5 Qc8 21.Qf3 Re5 22.
Nxg7 Bxg7 23.h5 Bf7 24.h6 Bh8 25.Ne4 Qf5 26.Qg3+ Qg6 27.Bf4 Qxg3 28.Bxg3 
Re6 29.Nxc5 Rc6 30.Nb3 f5 31.Nd4 Bxd4 32.cxd4 Nd5 33.Rac1 Rxc1 34.Rxc1 f4 
35.Bh4 Rb8 36.b3 Be6 37.g3 fxg3 38.Bxg3 Kf7 39.Be5 Bd7 40.f3 Rg8+ 41.Kf2 
c6 42.Bg7 Re8 43.Be5 Re6 44.Rh1 Rg6 45.a3 Bf5 46.b4 Ke6 47.Bg7 Nf4 48.Ke3 
Nd5+ 49.Kf2 Kd7 50.Rh5 Bc2 51.Re5 Bd3 52.Rh5 Kc7 53.Re5 Kb6 54.a4 Nxb4 55.
f4 Nd5 56.f5 Rg4 57.f6 Rxd4 58.a5+ Kxa5 59.Kg3 Bg6 60.Rf5 Bf7 0-1